Countries of the World with an Empty Map - 2 Minute Sprint - Statistics

General Stats
  • This quiz has been taken 160 times
  • The average score is 69 of 196
Answers on the Map
Answers color-coded by a green-red scale on the quiz's map according to % correct below.
 
Answer Stats
Country % Correct
United States
91%
Canada
87%
United Kingdom
87%
Brazil
86%
France
86%
Russia
85%
Mexico
80%
China
77%
Germany
77%
Spain
76%
Argentina
74%
Chile
73%
Ireland
73%
Italy
73%
India
71%
Peru
70%
Sweden
69%
Norway
67%
Colombia
66%
Australia
65%
Denmark
65%
Finland
64%
Iran
64%
Japan
64%
Bolivia
60%
Iceland
60%
Iraq
60%
Portugal
60%
Poland
58%
Cuba
57%
Ukraine
57%
Turkey
56%
Egypt
55%
Austria
54%
Ecuador
53%
Venezuela
53%
Panama
51%
Belarus
49%
Greece
49%
Libya
47%
Mongolia
47%
Algeria
46%
Chad
46%
Dem. Rep. of the Congo
46%
Paraguay
46%
Netherlands
45%
Niger
45%
Romania
45%
Uruguay
45%
Sudan
44%
Andorra
43%
Belgium
43%
Haiti
42%
Hungary
42%
Nicaragua
42%
Nigeria
42%
Republic of the Congo
42%
Dominican Republic
41%
Estonia
41%
Guyana
41%
Switzerland
41%
Croatia
40%
Czech Republic
40%
Honduras
40%
Indonesia
40%
Mali
40%
Monaco
40%
New Zealand
40%
Slovenia
40%
South Africa
40%
Belize
38%
Guatemala
38%
Jamaica
38%
Latvia
38%
Nepal
38%
Saudi Arabia
38%
Serbia
38%
Slovakia
38%
Suriname
38%
Bosnia and Herzegovina
37%
Costa Rica
37%
Oman
37%
Pakistan
37%
United Arab Emirates
37%
Vatican City
37%
Albania
36%
Kazakhstan
36%
Luxembourg
35%
Malta
35%
Morocco
35%
Yemen
35%
Dominica
34%
Bahamas
33%
Israel
33%
Laos
33%
El Salvador
32%
Thailand
32%
Bulgaria
31%
Cyprus
31%
Kenya
31%
Liechtenstein
31%
Lithuania
31%
Malaysia
31%
Philippines
31%
South Korea
31%
South Sudan
31%
Tunisia
31%
Vietnam
31%
Jordan
30%
Kosovo
30%
Tanzania
30%
Fiji
29%
Grenada
29%
Afghanistan
27%
Bhutan
27%
Georgia
27%
Moldova
27%
Montenegro
27%
North Macedonia
27%
Syria
27%
Cambodia
26%
Central African Republic
26%
Myanmar
26%
North Korea
26%
San Marino
26%
Barbados
25%
Kuwait
25%
Papua New Guinea
25%
Qatar
25%
Trinidad and Tobago
25%
Angola
24%
Antigua and Barbuda
24%
Armenia
24%
Cameroon
24%
Ethiopia
24%
Taiwan
24%
Bahrain
23%
Ghana
23%
Sri Lanka
23%
St. Kitts and Nevis
23%
St. Lucia
23%
Togo
23%
Tonga
23%
Mauritania
22%
Samoa
22%
Somalia
22%
Benin
21%
Botswana
21%
St. Vincent and Grenadines
21%
Zambia
21%
Bangladesh
20%
Gabon
20%
Nauru
20%
Palau
20%
Singapore
20%
Tuvalu
20%
Brunei
19%
Malawi
19%
Gambia
18%
Lebanon
18%
Namibia
18%
Senegal
18%
Uganda
18%
Fed. States of Micronesia
16%
Guinea
16%
Azerbaijan
15%
Eritrea
15%
Kiribati
15%
Maldives
15%
Zimbabwe
15%
Madagascar
14%
Djibouti
13%
Liberia
13%
Mozambique
13%
Rwanda
13%
Vanuatu
13%
Guinea Bissau
12%
Kyrgyzstan
12%
Uzbekistan
12%
Burundi
11%
Cape Verde
10%
Comoros
10%
Lesotho
10%
Seychelles
10%
Eswatini
9%
Turkmenistan
9%
East Timor
8%
Mauritius
8%
Equatorial Guinea
7%
Ivory Coast
7%
São Tomé and Príncipe
7%
Solomon Islands
7%
Burkina Faso
5%
Marshall Islands
5%
Sierra Leone
5%
Tajikistan
5%
No matching quizzes found
Score Distribution
Percent of People with Each Score
Percentile by Number Answered
Your Score History
You have not taken this quiz